| 000 | 02147nam a2200277Ia 4500 | ||
|---|---|---|---|
| 999 |
_c37758 _d37758 |
||
| 001 | 3734 | ||
| 003 | GE_BSU | ||
| 005 | 20190805174913.0 | ||
| 008 | 181216s1969||||ge |||||||||||||| ||geo|| | ||
| 040 | _cGE_BSU | ||
| 041 | _ageo | ||
| 080 | _a39(479.22)+398(479.22) | ||
| 245 |
_aთედო სახოკია : _bშრომათა კრებული [ეთნოგრაფიის, ლექსიკოლოგიის და ფოლკლორის დარგში. აგრეთვე: მოგონებანი თედო სახოკიაზე / _cსარედ. კოლეგია: გ. ჩიტაია (პ.მგ. რედ.), ა. აფაქიძე, შ. მესხია და სხვ.] ; საქართველოს ისტორიის, არქეოლოგიის, ეთნოგრაფიისა და ფოლკლორის სამეცნ. საზ-ბა. |
||
| 264 |
_aთბილისი : _bმეცნიერება, _c1969. |
||
| 300 |
_a294 გვ.; _b22 სმ. |
||
| 504 | _aთ. სახოკიას ნაწერების ბიბლიოგრ: 246-296.-აგრეთვე; თედო სახოკია, ლ. აზულაი ქართული ენის ფონეტიკა. | ||
| 600 |
_aსახოკია თედო (1868-1956) _93401 |
||
| 653 | _aქართველი ეთნოგრაფები | ||
| 653 | _aქართველების ეთნოგრაფია | ||
| 653 | _aქართული ფოლკლორი; ენათმეცნიერება. | ||
| 700 |
_a ჩიტაია, გ. _eრედაქტორი _93402 |
||
| 700 |
_aაფაქიძე, ა _eრედაქტორი _93403 |
||
| 700 |
_aმესხია, შ. _eრედაქტორი _93404 |
||
| 711 |
_aსაქართველოს ისტორიის, არქეოლოგიის, ეთნოგრაფიისა და ფოლკლორის სამეცნ. საზ-ბა. _93405 |
||
| 942 |
_cBK _2udc |
||